[Event "Abierto Mexicano de Ajedrez 2008"]
[Site "Aguascalientes"]
[Date "2008.03.18"]
[Round "1"]
[White "Bruzon Batista, Lazaro"]
[Black "Casillas Pellat, J. Jesus"]
[Result "1-0"]
[WhiteElo "2607"]
[BlackElo "2131"]
[PlyCount "43"]
[EventDate "2008.03.18"]
[EventType "swiss"]
[EventRounds "9"]
[EventCountry "MEX"]
[Source "lmi"]
[SourceDate "2008.03.18"]

1. e4 e6 2. d4 d5 3. Nc3 Nf6 4. Bg5 dxe4 5. Nxe4 Nbd7 6. Nxf6+ Nxf6 7. Nf3 Be7
8. Bd3 O-O 9. Qe2 c5 10. O-O-O Qa5 11. Kb1 cxd4 12. h4 Rd8 13. Ne5 Rd5 14. f4
Kf8 15. Bxh7 Rxe5 16. fxe5 Nxh7 17. Qh5 f6 18. Qxh7 Qxe5 19. Bc1 b6 20. h5 Bb7
21. h6 gxh6 22. Qg6 1-0

[Event "Abierto Mexicano de Ajedrez 2008"]
[Site "Aguascalientes"]
[Date "2008.03.18"]
[Round "1"]
[White "Knight, Simon"]
[Black "Georgiev, Vladimir"]
[Result "1-0"]
[WhiteElo "2130"]
[BlackElo "2581"]
[PlyCount "45"]
[EventDate "2008.03.18"]
[EventType "swiss"]
[EventRounds "9"]
[EventCountry "MEX"]
[Source "lmi"]
[SourceDate "2008.03.18"]

1. d4 Nf6 2. Nf3 d5 3. e3 c6 4. Bd3 Bg4 5. Nbd2 Nbd7 6. O-O e5 7. e4 dxe4 8.
Bxe4 Nxe4 9. Nxe4 f5 10. Neg5 e4 11. Re1 Be7 12. Ne6 Qb6 13. h3 Bxf3 14. gxf3
Kf7 15. fxe4 Kxe6 16. exf5+ Kf7 17. Qh5+ g6 18. Qe2 Rhe8 19. Bh6 Bb4 20. Qc4+
Kf6 21. Re6+ Kxf5 22. d5 Rxe6 23. Qf4# 1-0

[Event "Abierto Mexicano de Ajedrez 2008"]
[Site "Aguascalientes"]
[Date "2008.03.18"]
[Round "1"]
[White "Gonzalez Zamora, Juan Carlos"]
[Black "Nuñez Hirales, Juan Alejandro"]
[Result "1-0"]
[WhiteElo "2556"]
[BlackElo "2129"]
[PlyCount "101"]
[EventDate "2008.03.18"]
[EventType "swiss"]
[EventRounds "9"]
[EventCountry "MEX"]
[Source "lmi"]
[SourceDate "2008.03.18"]

1. d4 d5 2. Nf3 Nf6 3. c4 c6 4. e3 a6 5. Bd3 b5 6. b3 Bg4 7. Nbd2 e6 8. O-O Bd6
9. Bb2 Nbd7 10. Qc2 Rc8 11. Ne5 Bh5 12. Rac1 O-O 13. h3 Bg6 14. Nxg6 hxg6 15.
c5 Bc7 16. f4 Re8 17. Nf3 Nh5 18. Bc3 Ng3 19. Rfd1 Nf5 20. Qf2 f6 21. g4 Ne7
22. Kh1 Kf7 23. Kg2 Rh8 24. Rh1 Nf8 25. Rcg1 Nd7 26. Kf1 Qg8 27. Ke1 Ke8 28. b4
Nf8 29. Kd2 Kd7 30. a4 Ra8 31. Ra1 Nh7 32. h4 Rb8 33. Qe2 Qf7 34. axb5 axb5 35.
Ra6 Rb7 36. Rha1 Rhb8 37. Rg1 Rg8 38. Kc2 Rbb8 39. Kb2 Rb7 40. h5 Nf8 41. hxg6
Nfxg6 42. f5 Nf8 43. e4 Rh8 44. e5 Rh3 45. Qg2 Rh8 46. Re1 Rg8 47. Qh3 g5 48.
exf6 Qxf6 49. Ne5+ Bxe5 50. dxe5 Qf7 51. Rf1 1-0

[Event "Abierto Mexicano de Ajedrez 2008"]
[Site "Aguascalientes"]
[Date "2008.03.18"]
[Round "1"]
[White "Borges Mateos, Juan"]
[Black "De Los Santos, Coello Jose"]
[Result "1-0"]
[WhiteElo "2448"]
[BlackElo "2068"]
[PlyCount "83"]
[EventDate "2008.03.18"]
[EventType "swiss"]
[EventRounds "9"]
[EventCountry "MEX"]
[Source "lmi"]
[SourceDate "2008.03.18"]

1. d4 Nf6 2. c4 c5 3. Nf3 g6 4. Nc3 cxd4 5. Nxd4 Bg7 6. g3 O-O 7. Bg2 Nc6 8.
O-O Nxd4 9. Qxd4 d6 10. Qd3 Rb8 11. Rd1 Bd7 12. Bf4 Qa5 13. Rab1 Rfc8 14. b4
Qa6 15. c5 Qxd3 16. Rxd3 e5 17. Bg5 Bf5 18. e4 Be6 19. Rxd6 b6 20. Nd5 Nxd5 21.
exd5 Bf5 22. Rc1 Bf8 23. Rc6 bxc5 24. bxc5 Rxc6 25. dxc6 Rc8 26. Bf6 e4 27. g4
Bxg4 28. Bxe4 Bh6 29. Rb1 Bf8 30. Bd4 Be6 31. a4 f5 32. Bf3 g5 33. h3 a5 34.
Rb6 Bc4 35. Rb7 Be6 36. c7 Bg7 37. Rb8 Kf7 38. Rxc8 Bxc8 39. Bd5+ Kg6 40. Bxg7
Kxg7 41. Ba8 Kf7 42. c6 1-0

[Event "Abierto Mexicano de Ajedrez 2008"]
[Site "Aguascalientes"]
[Date "2008.03.18"]
[Round "1"]
[White "Rascon Vega, Alfonso Carlos"]
[Black "De La Paz Perdomo, Frank"]
[Result "0-1"]
[WhiteElo "2066"]
[BlackElo "2441"]
[PlyCount "73"]
[EventDate "2008.03.18"]
[EventType "swiss"]
[EventRounds "9"]
[EventCountry "MEX"]
[Source "lmi"]
[SourceDate "2008.03.18"]

1. e4 e5 2. Nf3 d6 3. Bc4 Be7 4. d4 exd4 5. Nxd4 Nf6 6. Nc3 O-O 7. O-O c6 8.
Re1 Re8 9. Bg5 h6 10. Bf4 Bf8 11. a4 a5 12. Qf3 Nbd7 13. h3 Ne5 14. Bxe5 Rxe5
15. Rad1 Qb6 16. Bb3 d5 17. Qf4 Bd6 18. Nf3 Re6 19. Qh4 Be7 20. exd5 cxd5 21.
Rxe6 Bxe6 22. Nd4 Bc5 23. Nxe6 fxe6 24. Rd3 Rf8 25. Rf3 Bd4 26. Nd1 Qb4 27. Kf1
Ne4 28. Rxf8+ Qxf8 29. Ke2 Bxb2 30. f3 Bf6 31. Qe1 Nc5 32. Qxa5 Qd6 33. Qd2 Qh2
34. Qe3 Qxg2+ 35. Nf2 d4 36. Qf4 d3+ 37. Ke3 0-1

[Event "Abierto Mexicano de Ajedrez 2008"]
[Site "Aguascalientes"]
[Date "2008.03.18"]
[Round "1"]
[White "Varguez, Baquedaro Alfredo"]
[Black "Espinosa Flores, Rafael"]
[Result "0-1"]
[WhiteElo "2052"]
[BlackElo "2386"]
[PlyCount "118"]
[EventDate "2008.03.18"]
[EventType "swiss"]
[EventRounds "9"]
[EventCountry "MEX"]
[Source "lmi"]
[SourceDate "2008.03.18"]

1. e4 c5 2. Nc3 Nc6 3. Bc4 e6 4. Nge2 a6 5. a4 Nf6 6. d4 cxd4 7. Nxd4 Qc7 8.
Ba2 Nxd4 9. Qxd4 Bc5 10. Qd1 h5 11. h3 b6 12. Qe2 Bb7 13. Bd2 Bd4 14. f3 Qg3+
15. Kd1 h4 16. Be1 Qe5 17. Qd2 Rc8 18. Bf2 Bxf2 19. Qxf2 Rc5 20. Re1 g5 21. Rb1
O-O 22. Ne2 Rfc8 23. c3 Nh5 24. Qd4 Qxd4+ 25. cxd4 R5c7 26. Bb3 Kg7 27. Kd2 a5
28. Rbc1 Rxc1 29. Rxc1 Rxc1 30. Kxc1 Ba6 31. Kd2 d6 32. Bd1 Kf6 33. Ke3 Ke7 34.
Nc1 Nf4 35. Kf2 f6 36. b3 d5 37. Be2 Bb7 38. exd5 Bxd5 39. Bf1 Kd6 40. Ke3 Bb7
41. Kd2 f5 42. Na2 Bd5 43. Nc1 Nh5 44. Ke3 Bb7 45. Na2 Bc6 46. Nc1 Ba8 47. Bc4
Nf4 48. Bf1 Nd5+ 49. Kd2 Bb7 50. Na2 f4 51. Nc3 Ne3 52. Nb5+ Kd7 53. Ke1 Bd5
54. Kf2 Bxb3 55. Nc3 Nd1+ 56. Nxd1 Bxd1 57. Bb5+ Kd6 58. Ke1 Bb3 59. Kd2 Bd5
0-1

[Event "Abierto Mexicano de Ajedrez 2008"]
[Site "Aguascalientes"]
[Date "2008.03.18"]
[Round "1"]
[White "Altamirano, Gonzalez Yehudi"]
[Black "Hernandez Guerrero, Gilberto"]
[Result "0-1"]
[WhiteElo "2127"]
[BlackElo "2548"]
[PlyCount "65"]
[EventDate "2008.03.18"]
[EventType "swiss"]
[EventRounds "9"]
[EventCountry "MEX"]
[Source "lmi"]
[SourceDate "2008.03.18"]

1. e4 c5 2. Nf3 Nc6 3. d4 cxd4 4. Nxd4 Nf6 5. Nc3 d6 6. Be2 e5 7. Nb3 Be7 8.
O-O O-O 9. Bg5 Be6 10. Bxf6 Bxf6 11. Nd5 Bg5 12. c3 g6 13. g3 f5 14. Bf3 Qd7
15. Qd3 Rf7 16. Rad1 Raf8 17. exf5 gxf5 18. Bh5 Rg7 19. f4 e4 20. Qd2 Bd8 21.
Kh1 Kh8 22. Ne3 Bb6 23. Nd5 Bxd5 24. Qxd5 Rf6 25. Be2 Rh6 26. Kg2 Ne7 27. Qb5
Qe6 28. Nd4 Qf7 29. a4 Bxd4 30. Rxd4 Qg6 31. Rg1 Qf6 32. Qxb7 Ng6 33. Bc4 0-1

[Event "Abierto Mexicano de Ajedrez 2008"]
[Site "Aguascalientes"]
[Date "2008.03.18"]
[Round "1"]
[White "Nogueiras Santiago, Jesus"]
[Black "Mar Gonzalez, Luis Fernando"]
[Result "1-0"]
[WhiteElo "2549"]
[BlackElo "2127"]
[PlyCount "83"]
[EventDate "2008.03.18"]
[EventType "swiss"]
[EventRounds "9"]
[EventCountry "MEX"]
[Source "lmi"]
[SourceDate "2008.03.18"]

1. Nf3 d5 2. b3 Bg4 3. Bb2 Nd7 4. e3 Ngf6 5. h3 Bh5 6. d3 e6 7. Nbd2 Be7 8. g4
Bg6 9. Nh4 O-O 10. Nxg6 fxg6 11. Bg2 c6 12. O-O Qc7 13. c4 Rae8 14. a3 Nc5 15.
Qc2 Bd6 16. d4 Ncd7 17. c5 Bh2+ 18. Kh1 Qb8 19. f4 Bg3 20. Bf3 Bh4 21. g5 Nh5
22. Bxh5 gxh5 23. Nf3 Bg3 24. h4 Bxf4 25. exf4 Rxf4 26. Qh2 Ref8 27. Nd2 Rxf1+
28. Rxf1 e5 29. Qh3 Rxf1+ 30. Nxf1 Qe8 31. Qf5 g6 32. Qf2 Qf7 33. Kg2 Qxf2+ 34.
Kxf2 Kf7 35. Ng3 Ke6 36. Ne2 Kf5 37. Kf3 e4+ 38. Kg3 Nb8 39. Bc1 Nd7 40. Nc3
Nf8 41. Nd1 e3 42. Kf3 1-0

[Event "Abierto Mexicano de Ajedrez 2008"]
[Site "Aguascalientes"]
[Date "2008.03.18"]
[Round "1"]
[White "Quezada Perez, Yuniesky"]
[Black "Labrador Magro, Roberto"]
[Result "1-0"]
[WhiteElo "2546"]
[BlackElo "2110"]
[PlyCount "66"]
[EventDate "2008.03.18"]
[EventType "swiss"]
[EventRounds "9"]
[EventCountry "MEX"]
[Source "lmi"]
[SourceDate "2008.03.18"]

1. e4 c5 2. Nf3 e6 3. d4 cxd4 4. Nxd4 a6 5. Bd3 Qc7 6. O-O Nf6 7. Qe2 d6 8. c4
Be7 9. Nc3 O-O 10. f4 Nbd7 11. Be3 b6 12. Rae1 Nb8 13. g4 Nc6 14. Nxc6 Qxc6 15.
g5 Nd7 16. h4 Re8 17. Qg2 Bb7 18. Kh2 Rab8 19. a4 Qc7 20. Qg3 Rbc8 21. h5 Bf8
22. g6 fxg6 23. hxg6 h6 24. Qh3 Nf6 25. Bf2 e5 26. Bh4 Nd7 27. Nd5 Bxd5 28.
exd5 exf4 29. Bf5 Ne5 30. Rxf4 Rb8 31. Be6+ Kh8 32. Bf7 Nxf7 33. gxf7 Qe7 1-0

[Event "Abierto Mexicano de Ajedrez 2008"]
[Site "Aguascalientes"]
[Date "2008.03.18"]
[Round "1"]
[White "Rojas Alarcon, Julian Antonio"]
[Black "Mitkov, Nikola"]
[Result "0-1"]
[WhiteElo "2107"]
[BlackElo "2538"]
[PlyCount "162"]
[EventDate "2008.03.18"]
[EventType "swiss"]
[EventRounds "9"]
[EventCountry "MEX"]
[Source "lmi"]
[SourceDate "2008.03.18"]

1. c4 e5 2. g3 Nc6 3. Bg2 Bc5 4. Nc3 Nge7 5. e3 a6 6. Nge2 Ba7 7. Rb1 O-O 8. b4
d6 9. O-O Bf5 10. d3 Qd7 11. Nd5 Nxd5 12. cxd5 Ne7 13. Bb2 Bg4 14. d4 f6 15.
Rc1 Rac8 16. Qd2 Bh3 17. e4 Ng6 18. f4 Bxg2 19. Kxg2 Qg4 20. Qd3 f5 21. h3 fxe4
22. Qxe4 Nh4+ 23. Kh2 Qf5 24. Qxf5 Nxf5 25. dxe5 Ne3 26. Rf3 dxe5 27. Bxe5 Nxd5
28. Rb3 Rcd8 29. b5 axb5 30. Rxb5 Bb6 31. a4 Ne3 32. Rb2 Rf7 33. g4 Rfd7 34.
Ra1 Nc4 35. Rc2 Nxe5 36. fxe5 Rd2 37. Raa2 Rxc2 38. Rxc2 Re8 39. Rd2 Rxe5 40.
Ng3 g6 41. Rd7 h5 42. gxh5 gxh5 43. Rd8+ Kg7 44. Rb8 h4 45. Nf1 Re2+ 46. Kh1
Ra2 47. Rxb7 Rxa4 48. Rb8 Ra1 49. Kg2 Ra2+ 50. Kh1 Bd4 51. Rb7 Rc2 52. Nh2 Rc1+
53. Kg2 Rg1+ 54. Kf3 Be5 55. Ng4 Rg3+ 56. Ke4 Bd6 57. Ne3 Rxh3 58. Rb1 Rh2 59.
Rd1 Kf7 60. Nf5 Ke6 61. Nd4+ Kd7 62. Nf3 Rg2 63. Rh1 Rg4+ 64. Ke3 Bf4+ 65. Kd3
Bg3 66. Rg1 Ra4 67. Rh1 Ke6 68. Nd4+ Kf6 69. Nc2 Ke5 70. Rb1 h3 71. Rb5+ Kf6
72. Rb1 h2 73. Ne3 Rh4 74. Rh1 Ke5 75. Ke2 Ke4 76. Nc4 Rh8 77. Nd2+ Kf4 78. Kf1
Re8 79. Nb1 Kf3 80. Nd2+ Kg4 81. Nf3 Kxf3 0-1

[Event "Abierto Mexicano de Ajedrez 2008"]
[Site "Aguascalientes"]
[Date "2008.03.18"]
[Round "1"]
[White "Cordova, Emilio"]
[Black "Moreira Tinoco, Maximo Rafael"]
[Result "1-0"]
[WhiteElo "2493"]
[BlackElo "2094"]
[PlyCount "57"]
[EventDate "2008.03.18"]
[EventType "swiss"]
[EventRounds "9"]
[EventCountry "MEX"]
[Source "lmi"]
[SourceDate "2008.03.18"]

1. d4 Nf6 2. Nf3 g6 3. c4 Bg7 4. Nc3 d6 5. Bf4 Nbd7 6. e3 O-O 7. h3 c6 8. Be2
a6 9. a4 a5 10. O-O Re8 11. Bh2 Nf8 12. Nd2 N6d7 13. Qc2 e5 14. dxe5 dxe5 15.
Nde4 Qe7 16. Rab1 Nc5 17. Nxc5 Qxc5 18. Ne4 Qb4 19. Nd6 Rd8 20. c5 Be6 21. Qc3
Nd7 22. Qxb4 axb4 23. Nxb7 Rdb8 24. Nd6 Nxc5 25. Bc4 Bxc4 26. Nxc4 f6 27. Rbd1
Nb3 28. a5 Nxa5 29. Rd6 1-0

[Event "Abierto Mexicano de Ajedrez 2008"]
[Site "Aguascalientes"]
[Date "2008.03.18"]
[Round "1"]
[White "Martinez Castaneda, Allan"]
[Black "Zapata, Alonso"]
[Result "0-1"]
[WhiteElo "2072"]
[BlackElo "2475"]
[PlyCount "70"]
[EventDate "2008.03.18"]
[EventType "swiss"]
[EventRounds "9"]
[EventCountry "MEX"]
[Source "lmi"]
[SourceDate "2008.03.18"]

1. e4 c5 2. Nf3 e6 3. d4 cxd4 4. Nxd4 Nc6 5. Nxc6 bxc6 6. Bd3 d5 7. O-O Nf6 8.
Nc3 Be7 9. Qe2 a5 10. Kh1 a4 11. f4 O-O 12. Rf3 g6 13. e5 Nd7 14. f5 exf5 15.
Bh6 Nc5 16. Bxf8 Bxf8 17. Raf1 Be6 18. Qe1 Qb8 19. b3 axb3 20. axb3 Bg7 21. Nd1
Nd7 22. Rf4 Bxe5 23. Ra4 Rxa4 24. bxa4 Bxh2 25. Rf3 Bc7 26. Ne3 f4 27. Nf1 Qa7
28. a5 Ne5 29. Rf2 Bxa5 30. Qxe5 Qxf2 31. Qb8+ Kg7 32. Qe5+ Kh6 33. g3 fxg3 34.
Nxg3 Bb6 35. Ne2 Qf3+ 0-1

[Event "Abierto Mexicano de Ajedrez 2008"]
[Site "Aguascalientes"]
[Date "2008.03.18"]
[Round "2"]
[White "Baltazar Pineda, Rafael"]
[Black "Bruzon Batista, Lazaro"]
[Result "0-1"]
[WhiteElo "2248"]
[BlackElo "2607"]
[PlyCount "56"]
[EventDate "2008.03.18"]
[EventType "swiss"]
[EventRounds "9"]
[EventCountry "MEX"]
[Source "lmi"]
[SourceDate "2008.03.18"]

1. Nf3 c5 2. g3 Nc6 3. Bg2 g6 4. O-O Bg7 5. d3 e6 6. e4 Nge7 7. Nbd2 O-O 8. Re1
d6 9. Nf1 Rb8 10. h4 h6 11. N1h2 e5 12. c3 Be6 13. Kh1 Qd7 14. Ng1 d5 15. Qe2
f5 16. f4 Rbe8 17. Qf2 fxe4 18. dxe4 exf4 19. gxf4 dxe4 20. Be3 Ne5 21. Bxe4
Bd5 22. Bxd5+ Qxd5+ 23. Qg2 Nd3 24. Re2 Qxg2+ 25. Rxg2 Nf5 26. Bf2 Nxf4 27.
Bxc5 Nxg2 28. Bxf8 Ngxh4 0-1

[Event "Abierto Mexicano de Ajedrez 2008"]
[Site "Aguascalientes"]
[Date "2008.03.18"]
[Round "2"]
[White "Pla, Silvio"]
[Black "Gonzalez Zamora, Juan Carlos"]
[Result "0-1"]
[WhiteElo "2224"]
[BlackElo "2556"]
[PlyCount "88"]
[EventDate "2008.03.18"]
[EventType "swiss"]
[EventRounds "9"]
[EventCountry "MEX"]
[Source "lmi"]
[SourceDate "2008.03.18"]

1. Nf3 c5 2. c4 Nc6 3. Nc3 e5 4. g3 g6 5. Bg2 Bg7 6. d3 d6 7. Nd5 h6 8. O-O
Nge7 9. Nd2 O-O 10. a3 Rb8 11. Rb1 Be6 12. b4 cxb4 13. axb4 Bxd5 14. cxd5 Nd4
15. e3 Nb5 16. Qb3 f5 17. Bb2 a6 18. Rfe1 Kh7 19. Nc4 Nc8 20. Rbc1 Qd7 21. Na3
Nca7 22. Nxb5 Nxb5 23. Rc4 Rf7 24. f4 exf4 25. gxf4 Rbf8 26. Bxg7 Rxg7 27. Qb2
Qd8 28. Qf2 Qf6 29. Rec1 Re7 30. h3 Rfe8 31. e4 Rf8 32. Rc8 Rff7 33. R1c4 fxe4
34. Bxe4 Kg7 35. Qg2 Nd4 36. Rb8 Rc7 37. Kh1 Rxc4 38. dxc4 Re7 39. c5 Nf5 40.
Bxf5 Qxf5 41. Qf3 Re1+ 42. Kg2 Qc2+ 43. Kg3 Rg1+ 44. Kh4 g5+ 0-1

[Event "Abierto Mexicano de Ajedrez 2008"]
[Site "Aguascalientes"]
[Date "2008.03.18"]
[Round "2"]
[White "Fleitas Marti, Yuleikis"]
[Black "Nogueiras Santiago, Jesus"]
[Result "0-1"]
[WhiteElo "2217"]
[BlackElo "2549"]
[PlyCount "54"]
[EventDate "2008.03.18"]
[EventType "swiss"]
[EventRounds "9"]
[EventCountry "MEX"]
[Source "lmi"]
[SourceDate "2008.03.18"]

1. e4 Nf6 2. Nc3 d5 3. e5 Nfd7 4. f4 e6 5. Nf3 c5 6. d4 Nc6 7. Be3 Rb8 8. dxc5
Bxc5 9. Bxc5 Nxc5 10. Nd4 O-O 11. g3 f6 12. exf6 Qxf6 13. Nb3 Ne4 14. Nxe4 dxe4
15. c3 e5 16. Bc4+ Kh8 17. Qe2 exf4 18. O-O-O Qg6 19. Rde1 Bg4 20. Qc2 f3 21.
Qxe4 f2 22. Qxg6 fxe1=Q+ 23. Rxe1 hxg6 24. Re4 Bf3 25. Rh4+ Bh5 26. Nc5 Ne5 27.
Bb3 Rf1+ 0-1

[Event "Abierto Mexicano de Ajedrez 2008"]
[Site "Aguascalientes"]
[Date "2008.03.18"]
[Round "2"]
[White "Perez Avendano, Paul Omar"]
[Black "Almeida Saenz, Alfonso"]
[Result "0-1"]
[WhiteElo "2139"]
[BlackElo "2426"]
[PlyCount "62"]
[EventDate "2008.03.18"]
[EventType "swiss"]
[EventRounds "9"]
[EventCountry "MEX"]
[Source "lmi"]
[SourceDate "2008.03.18"]

1. d4 Nf6 2. c4 g6 3. Nc3 Bg7 4. e4 d6 5. Nf3 O-O 6. Be2 e5 7. d5 Na6 8. O-O
Nc5 9. Qc2 a5 10. Bg5 h6 11. Be3 Ng4 12. Bxc5 dxc5 13. h3 Nf6 14. Nxe5 Nxd5 15.
Nxd5 Bxe5 16. f4 Bd4+ 17. Kh2 c6 18. Nc3 Re8 19. Bd3 Be6 20. e5 Bxc3 21. Qxc3
Qh4 22. Rf3 Rad8 23. Raf1 Rd4 24. b3 Red8 25. Qc2 R8d7 26. Bxg6 Rd2 27. Qb1
Bxh3 28. Bxf7+ Kf8 29. Rxh3 Rxg2+ 30. Kxg2 Rd2+ 31. Kf3 Qxh3+ 0-1

[Event "Abierto Mexicano de Ajedrez 2008"]
[Site "Aguascalientes"]
[Date "2008.03.18"]
[Round "2"]
[White "Espinosa Flores, Rafael"]
[Black "Tapie Amione, Pablo Adib"]
[Result "1/2-1/2"]
[WhiteElo "2386"]
[BlackElo "2179"]
[PlyCount "64"]
[EventDate "2008.03.18"]
[EventType "swiss"]
[EventRounds "9"]
[EventCountry "MEX"]
[Source "lmi"]
[SourceDate "2008.03.18"]

1. e4 c5 2. Nf3 d6 3. c3 Nf6 4. h3 Nc6 5. Bd3 e5 6. Bc2 Be7 7. O-O g5 8. Nxg5
Rg8 9. d4 h6 10. Nxf7 Kxf7 11. Bb3+ Kg7 12. f4 Kh7 13. fxe5 dxe5 14. Bxg8+ Qxg8
15. d5 Bxh3 16. Qf3 Bg4 17. Qe3 Qg6 18. dxc6 Rg8 19. cxb7 Be6 20. Qxh6+ Qxh6
21. Bxh6 Kxh6 22. Nd2 c4 23. Rf3 Rb8 24. Raf1 Ng4 25. Rh3+ Kg7 26. Ra1 Nf6 27.
Rf1 Ng4 28. Rhf3 Nf6 29. Rg3+ Kh6 30. Rgf3 Kg7 31. Rg3+ Ng4 32. Rh3 Bc5+
1/2-1/2

[Event "Abierto Mexicano de Ajedrez 2008"]
[Site "Aguascalientes"]
[Date "2008.03.18"]
[Round "2"]
[White "Diaz Salas, Luis"]
[Black "Escobedo Tinajero, Alberto"]
[Result "0-1"]
[WhiteElo "2132"]
[BlackElo "2374"]
[PlyCount "85"]
[EventDate "2008.03.18"]
[EventType "swiss"]
[EventRounds "9"]
[EventCountry "MEX"]
[Source "lmi"]
[SourceDate "2008.03.18"]

1. e4 c6 2. d4 d5 3. Nd2 dxe4 4. Nxe4 Nd7 5. Bc4 Ngf6 6. Ng5 e6 7. Qe2 Nb6 8.
Bb3 h6 9. N5f3 c5 10. dxc5 Nbd7 11. c6 bxc6 12. Nh3 Bd6 13. Bd2 Nc5 14. Bc3
Nce4 15. Bxf6 Nxf6 16. O-O-O Qc7 17. Nd4 O-O 18. g4 a5 19. Ba4 Ba6 20. Qf3 c5
21. Nb5 Bxb5 22. Bxb5 c4 23. a4 c3 24. Qxc3 Qxc3 25. bxc3 Ba3+ 26. Kb1 Nxg4 27.
Rhg1 Nf6 28. Ka2 Bc5 29. Rg2 Rfd8 30. Rd3 Rac8 31. f3 Nd5 32. Kb3 Kf8 33. Rgd2
Ke7 34. c4 Nf6 35. Rxd8 Rxd8 36. Rxd8 Kxd8 37. Nf4 Bd6 38. Nd3 Bxh2 39. c5 h5
40. c6 h4 41. Kc4 Bg3 42. Kc5 Kc7 43. c4 0-1

[Event "Abierto Mexicano de Ajedrez 2008"]
[Site "Aguascalientes"]
[Date "2008.03.19"]
[Round "2"]
[White "Navarrete Mendez, Gonzalo Albert"]
[Black "Cordova, Emilio"]
[Result "0-1"]
[WhiteElo "2168"]
[BlackElo "2493"]
[PlyCount "110"]
[EventDate "2008.03.18"]
[EventType "swiss"]
[EventRounds "9"]
[EventCountry "MEX"]
[Source "lmi"]
[SourceDate "2008.03.18"]

1. e4 c5 2. Nf3 Nc6 3. d4 cxd4 4. Nxd4 Nf6 5. Nc3 e5 6. Ndb5 d6 7. Nd5 Nxd5 8.
exd5 Nb8 9. c4 a6 10. Nc3 Be7 11. Bd3 O-O 12. O-O f5 13. f3 Nd7 14. Kh1 Qe8 15.
b4 Qh5 16. Bd2 f4 17. Ne4 Nf6 18. Rc1 Nxe4 19. Bxe4 Rf6 20. Qe2 Rh6 21. g4 fxg3
22. Bxh6 Qxh6 23. Rc2 Bg5 24. c5 Bf4 25. c6 b5 26. Rg1 Ra7 27. c7 Ra8 28. Qd3
g6 29. Rcg2 Bd7 30. Rxg3 Bxg3 31. Rxg3 Be8 32. Bf5 Qc1+ 33. Rg1 Qxc7 34. Be6+
Kh8 35. Qe3 Bf7 36. Qg5 Bxe6 37. dxe6 Re8 38. Rc1 Qb7 39. Rc6 Kg7 40. Rxd6
Qxf3+ 41. Kg1 Qf4 42. Qxf4 exf4 43. Rxa6 Kf6 44. Ra5 Kxe6 45. Rxb5 Ra8 46. Rb7
h6 47. Kf2 Kf5 48. Rb5+ Ke4 49. Rb6 Rxa2+ 50. Kg1 Kf3 51. h4 g5 52. Rc6 Kg3 53.
Rc3+ f3 54. Rc1 Rg2+ 55. Kh1 Rh2+ 0-1

[Event "Abierto Mexicano de Ajedrez 2008"]
[Site "Aguascalientes"]
[Date "2008.03.19"]
[Round "2"]
[White "Zapata, Alonso"]
[Black "Gutierrez Carmona, Juan Alejandr"]
[Result "1-0"]
[WhiteElo "2475"]
[BlackElo "2205"]
[PlyCount "99"]
[EventDate "2008.03.18"]
[EventType "swiss"]
[EventRounds "9"]
[EventCountry "MEX"]
[Source "lmi"]
[SourceDate "2008.03.18"]

1. e4 e5 2. Nf3 Nc6 3. Bb5 a6 4. Ba4 Nf6 5. O-O Be7 6. Re1 b5 7. Bb3 d6 8. a4
Bb7 9. d3 O-O 10. Nc3 b4 11. Ne2 Na5 12. Ba2 c5 13. Ng3 Bc8 14. h3 Rb8 15. Nd2
Be6 16. Nc4 Nc6 17. f4 exf4 18. Bxf4 Rb7 19. Ne3 Bxa2 20. Rxa2 b3 21. cxb3 Nd4
22. Ngf5 Nxb3 23. Nc4 d5 24. Nxe7+ Rxe7 25. Qxb3 dxc4 26. Qxc4 Rd7 27. Ra3 Qb6
28. Be5 Re8 29. Rb3 Qc6 30. Bxf6 gxf6 31. Rc3 Red8 32. Re3 Rd4 33. Qxc5 Qxc5
34. Rxc5 Rxd3 35. Rxd3 Rxd3 36. Rc6 Kg7 37. a5 Rd1+ 38. Kh2 Rd2 39. Rb6 Rc2 40.
Kg3 h5 41. h4 Rd2 42. Kf3 Rc2 43. g4 hxg4+ 44. Kxg4 Rg2+ 45. Kf3 Rc2 46. Ke3
Rh2 47. b4 Rh3+ 48. Kd2 Rxh4 49. Rxa6 Rxe4 50. Rb6 1-0

[Event "Abierto Mexicano de Ajedrez 2008"]
[Site "Aguascalientes"]
[Date "2008.03.19"]
[Round "2"]
[White "Alvidres Aguirre, Genaro"]
[Black "Borges Mateos, Juan"]
[Result "0-1"]
[WhiteElo "2141"]
[BlackElo "2448"]
[PlyCount "56"]
[EventDate "2008.03.18"]
[EventType "swiss"]
[EventRounds "9"]
[EventCountry "MEX"]
[Source "lmi"]
[SourceDate "2008.03.18"]

1. e4 e6 2. d4 d5 3. e5 c5 4. c3 Qb6 5. Nf3 Bd7 6. Bd3 cxd4 7. cxd4 Nc6 8. O-O
Nxd4 9. Nxd4 Qxd4 10. Nc3 a6 11. Qe2 Ne7 12. Kh1 Qh4 13. f4 Bc6 14. Rf3 d4 15.
Ne4 Nf5 16. Rh3 Qd8 17. g4 Qd5 18. Kg1 Ne3 19. Bxe3 dxe3 20. Rc1 Be7 21. Rxe3
Rd8 22. b3 h6 23. Kf1 Qa5 24. Kg2 Bc5 25. Rf3 Bxe4 26. Kf1 Be7 27. Re3 Rd4 28.
Rc6 Rd8 0-1

[Event "Abierto Mexicano de Ajedrez 2008"]
[Site "Aguascalientes"]
[Date "2008.03.19"]
[Round "2"]
[White "De La Paz Perdomo, Frank"]
[Black "Duarte Barahona, Raul Alejandro"]
[Result "1-0"]
[WhiteElo "2441"]
[BlackElo "2183"]
[PlyCount "75"]
[EventDate "2008.03.18"]
[EventType "swiss"]
[EventRounds "9"]
[EventCountry "MEX"]
[Source "lmi"]
[SourceDate "2008.03.18"]

1. e4 c5 2. Nf3 d6 3. d4 cxd4 4. Nxd4 Nf6 5. Nc3 a6 6. Be3 e5 7. Nb3 Be6 8. Qd2
Nbd7 9. f4 Qc7 10. f5 Bc4 11. O-O-O b5 12. Kb1 b4 13. Nd5 Bxd5 14. exd5 Nb6 15.
g4 Nxg4 16. Bg1 Nf6 17. Qxb4 Nbxd5 18. Qa4+ Qd7 19. Qxd7+ Kxd7 20. Bg2 e4 21.
c4 Nf4 22. Bf1 Kc7 23. Be3 N4h5 24. Be2 g6 25. Rhf1 Be7 26. fxg6 fxg6 27. Bg5
h6 28. Bd2 Ng7 29. Ba5+ Kb7 30. c5 dxc5 31. Nxc5+ Kc6 32. Rc1 Kd5 33. Rfd1+ Ke5
34. Bc7+ Kf5 35. Rf1+ Kg5 36. Bf4+ Kh4 37. Bg3+ Kh3 38. Rf4 1-0

[Event "Abierto Mexicano de Ajedrez 2008"]
[Site "Aguascalientes"]
[Date "2008.03.19"]
[Round "2"]
[White "Mitkov, Nikola"]
[Black "Corona Villar, Edgar"]
[Result "1-0"]
[WhiteElo "2538"]
[BlackElo "2206"]
[PlyCount "62"]
[EventDate "2008.03.18"]
[EventType "swiss"]
[EventRounds "9"]
[EventCountry "MEX"]
[Source "lmi"]
[SourceDate "2008.03.18"]

1. e4 d6 2. Nc3 Nf6 3. Bc4 g6 4. d3 Bg7 5. f4 O-O 6. Nf3 Bg4 7. h3 Bxf3 8. Qxf3
Nc6 9. O-O Na5 10. Bb3 Nxb3 11. axb3 c6 12. Qf2 a6 13. f5 Qc7 14. Qh4 d5 15.
Bf4 e5 16. Bg5 Qd6 17. Rf3 dxe4 18. dxe4 Nh5 19. Rd1 Qc7 20. Rfd3 f6 21. Be3
Rfd8 22. Qg4 Rxd3 23. Rxd3 Rd8 24. Rxd8+ Qxd8 25. fxg6 hxg6 26. Qxg6 Nf4 27.
Qg4 Qa5 28. Bxf4 exf4 29. Qe6+ Kh7 30. Qf5+ Qxf5 31. exf5 Bf8 1-0